18 - 福井県の自治体(Text) - Statistics

General Stats
  • This quiz has been taken 75 times
    11 since last reset
  • The average score is 15 of 17
Answers on the Map
Answers color-coded by a green-red scale on the quiz's map according to % correct below.
 
Answer Stats
市町村 % Correct
越前えちぜん
100%
丹生にゅうぐん 越前えちぜんちょう
100%
小浜おばま
100%
勝山かつやま
100%
鯖江さばえ
100%
敦賀つるが
100%
福井ふくい
100%
三方みかたぐん 美浜みはまちょう
100%
あわら
100%
吉田よしだぐん 永平寺えいへいじちょう
86%
大野おおの
86%
大飯おおいぐん 高浜たかはまちょう
86%
南条なんじょうぐん 南越前みなみえちぜんちょう
86%
三方上中みかたかみなかぐん 若狭わかさちょう
86%
大飯おおいぐん おおいちょう
86%
坂井さかい
71%
今立いまだてぐん 池田いけだちょう
43%
No matching quizzes found
Score Distribution
Percent of People with Each Score
Percentile by Number Answered
Your Score History
You have not taken this quiz since the last reset